Quizzes
Events
Quiz Creation
Community
Videos
Private Events
Remove Ads
Sign In
Join for FREE
Feedback
Dark Mode
Quiz Categories
Sports
Geography
Music
Movies
Television
Just For Fun
Miscellaneous
History
Literature
Language
Science
Gaming
Entertainment
Religion
Holiday
For Kids
Quiz Lab
Recent
Popular Today
Quiz Kudos Today
Editor Picks
Curator Picks
Quizzes by...
Day
Popularity
Type
Ratings
Length
Year
Community
Subscriptions
Recent Discussions
Orange Saloon
Badges
Playlists
Quests
Create
Leaderboards
Showdown
Live 5
Trivia Bingo
Activity
Puzzle Library
Sporcle Events
Private Events
Virtual Trivia
Globe League
Become a Host
Pub Owners
SporcleCon
Opinionation
Our Games
Videos
Blog
Mobile Apps
Partnerships
Remove Ads and Go Orange
Feedback
Movies
Disney
Marvel Cinematic Universe
Movie Resume
Movie Titles
Oscar
Actor
Actress
Director
Pixar
Role
Movie Quotes
Movie Characters
Box Office
Nominee
Best Picture
Star Wars
James Bond
Horror Movies
Movies
Disney
Marvel Cinematic Universe
Movie Resume
Movie Titles
Oscar
Actor
Actress
Director
Pixar
Role
Movie Quotes
Movie Characters
Box Office
Nominee
Best Picture
Star Wars
James Bond
Horror Movies
Random Quiz
Search Sporcle
×
Quiz Lab
Quiz Lab
Movies
Parody
Type in answers that appear in a list
Type in answers that appear in a list
Classic
Best Score? Go Orange.
Scary movie - Used movies Stats
Can you name the Scary movie - Used movies?
By
caspar1995
6m
35 Questions
314 Plays
314 Plays
314 Plays
Comments
Comments
Give Quiz Kudos
Give Quiz Kudos
-
- Ratings
hide this ad
Replay
Link that replays current quiz
Next Quiz
Link to next quiz in quiz playlist
You Got
0%
They Got
Avg Score
22%
Avg Friend Score
Upgrade to see
Score Distribution
Jump to the score distribution portion of the page
Score
0/35
Timer
06:00
0
Plays Today
Scary Movie
Parodys
% Correct
Scary Movie 1
Scream
57.6%
Scary Movie 1
I Know What You Did Last Summer
50%
Scary Movie 1
The Sixth Sense
42.7%
Scary Movie 2
Thir13en Ghosts
39.2%
Scary Movie 1
The Shining
38.2%
Scary Movie 3
The Ring
37.3%
Scary Movie 1
The Blair Witch Project
31.5%
Scary Movie 4
Saw
30.6%
Scary Movie 1
The Matrix
29%
Scary Movie 3
The Matrix
29%
Scary Movie 3
Signs
28%
Scary Movie 3
The Texas Chain Saw Massacre
27.1%
Scary Movie 4
The Grudge
26.1%
Scary Movie 1
Psycho
25.2%
Scary Movie 3
8 Mile
25.2%
Scary Movie 2
Poltergeist
23.6%
Scary Movie 4
The village
23.6%
Scary Movie 1
The Usual Suspects
19.7%
Scary Movie
Parodys
% Correct
Scary Movie 4
Scooby Do
19.4%
Scary Movie 4
War of the worlds
19.1%
Scary Movie 2
Charlie's Angels
18.5%
Scary Movie 2
Twister
17.2%
Scary Movie 1
American Pie
17.2%
Scary Movie 4
Million Dollar Baby
14.6%
Scary Movie 2
The Haunting
14%
Scary Movie 2
The Amityville Horror
12.7%
Scary Movie 4
Brokeback Mountain
12.7%
Scary Movie 2
Hannibal
12.1%
Scary Movie 2
House on Haunted Hill
9.2%
Scary Movie 2
Hollow man
7.6%
Scary Movie 2
The Changeling
4.5%
Scary Movie 2
The Legend Of Hellhouse
3.5%
Scary Movie 3
Air Force One
3.5%
Scary Movie 2
The Excorcist
2.9%
Scary Movie 4
Hustle & Flow
1.3%
Quiz Playlist
Details
Report
Send in Message
Add To Playlist
Classic:
Type in answers that appear in a list
Last Updated: Feb 16, 2017
Quiz Scoreboard
CHALLENGE
Sign Up to Join the Scoreboard
Show All
Scores
Hide
Comments
May contain spoilers
Recently Published
Billboard Blitz: Fleetwood Mac
by CooCooCachoo
Music
15s
Presidents Visiting Landmarks
by Hejman
History
7m
An Introduction to Baseball
by treessimontrees
Sports
5m
More to Explore
Quiz From the Vault
Featured Blog Post
Where Did the Easter Bunny Come From?
hide this ad
You Might Also Like...
Tags
Parody
Scary
scene
Today's Top Quizzes in Movies
Browse Movies
hide this ad
Today's Top Quizzes in Parody
Browse Parody
Top Contributed Quizzes in Movies
1
Pick 5 Posters: Directed by Spielberg
2
7-to-1: Pixar Characters
3
Pick 5 Posters: Lowest-Rated Spielberg
4
Sorting Actors
5
Pick 5 Posters: Directed by Scorsese
6
Sorting Actresses
7
Pick 5 Posters: Star & Director
8
Pick 5 Posters: Women Directed 2020s
9
12 Movies about Fictional 1960s Events
10
Multi-Oscar Nominations, One Movie, One Winner
Explore More
Trending Topics
Kpop
Harry Potter
Disney
Anime
NBA
Marvel
Crossword
Song
The Office
Soccer
WWE
Country
Pokémon
NFL
Puzzle
hide this ad
More By:
caspar1995
Quiz
Plays
Rating
Category
Featured
Created
(always recent) Walking Dead Characters
6,000
3.48
Television
Nov 1, 2012
(always recent) Walking Dead Kill Count
3,088
3.56
Television
Mar 3, 2013
(always recent) Vampire Diaries Characters
2,687
4.33
Television
Nov 10, 2012
LOST kill count
967
4.83
Television
Oct 6, 2012
(always recent) Walking Dead Episode Count
770
5.00
Television
Feb 24, 2013
Go to Creator's Profile
Score Distribution
Quiz Creator Spotlight
caspar1995
Follow
Send a Message
Quizzes Created
-
Created Quiz Play Count
-
More By This Creator
Popular Quizzes Today
1
Find the US States - No Outlines Minefield
2
Find the Countries of Europe - No Outlines Minefield
3
The Countries of the World
4
Find the US States
5
US States
6
Risky Map Clicking: Biggest States A-Z
7
Popular People in 1961
8
Movies - When Are They Set?
More Movies Quizzes
Missing Word: 100 Animals in Movie Titles
Quiz Lab
Trending Quizzes
Risky Map Clicking: Least Populous States A-Z
1-10 Letter G Words
1-10 Letter F Words
Risky Map Clicking: Next State Alphabetically
Risky Map Clicking: Biggest States A-Z
Recently Updated
Leaping Animals
pecheneg
Reality TV Shows (A-Z)
bhenderson79
Rickey Henderson's Hall of Fame Teammates
pecheneg
Champions League XIs: Arsenal
pecheneg
Quick Pick: Celebrities in WWE's Hall of Fame
aduchscher
A-Z Keypad Blitz II
pecheneg
Multiple Oscar Actors
pecheneg
Mystery Phrase Blitz: Oscar 'Best Actors'
pecheneg
F. Scott Fitzgerald Novels
LTH
Pick 3 Villains
ddd62291
Trending Topics
Kpop
Marvel
Anime
Crossword
Disney
NBA
Harry Potter
Country
Song
The Office
WWE
NFL
Pokémon
Soccer
Puzzle
Your Account Isn't Verified!
In order to create a playlist on Sporcle, you need to verify the email address you used during registration. Go to your
Sporcle Settings
to finish the process.
Report this User
Report this user for behavior that violates our
Community Guidelines
.
Details:
Send Report
Go to the Sporcle.com Mobile Site →
Comments